[Event "DVM U20 2016"]
[Site "Borken-Gemen GER"]
[Date "2016.12.27"]
[Round "1"]
[White "Pixa, Richard"]
[Black "Flüchter, Gregor"]
[Result "1/2-1/2"]
[Termination "normal"]
[Board "7.1"]
[WhiteElo "2080"]
[BlackElo "2168"]
[WhiteTeam "SV Mattnetz Berlin"]
[BlackTeam "SF Brackel"]
[PlyCount "42"]
[WhiteFideId "4626095"]
[BlackFideId "12903396"]
[EventCountry "GER"]
[EventRounds "7"]
[EventType "team-swiss"]
[EventDate "2016.12.26"]

1.e4 c5 2.Nf3 Nc6 3.d4 cxd4 4.Nxd4 e5 5.Nb5 a6 6.Nd6+ Bxd6 7.Qxd6 Qe7 8. Qxe7+
Ngxe7 9.Nc3 d5 10.exd5 Nb4 11.Bd3 Nxd3+ 12.cxd3 Bf5 13.Ke2 Rd8 14. Be3 Nxd5
15.Nxd5 Rxd5 16.Rhd1 O-O 17.d4 Re8 18.dxe5 Rdxe5 19.Rd4 Be4 20. Kf1 Bc6 21.Rad1
f6 1/2-1/2

[Event "DVM U20 2016"]
[Site "Borken-Gemen GER"]
[Date "2016.12.27"]
[Round "1"]
[White "Stemmler, Fabian"]
[Black "Doering, Andre Patrick"]
[Result "0-1"]
[Termination "normal"]
[Board "7.2"]
[WhiteElo "2087"]
[BlackElo "1806"]
[WhiteTeam "SF Brackel"]
[BlackTeam "SV Mattnetz Berlin"]
[PlyCount "122"]
[WhiteFideId "12964808"]
[BlackFideId "4697480"]
[EventCountry "GER"]
[EventRounds "7"]
[EventType "team-swiss"]
[EventDate "2016.12.26"]

1.d4 d5 2.Bf4 Nf6 3.e3 e6 4.Nf3 Bd6 5.Ne5 O-O 6.Bd3 b6 7.Nd2 Bb7 8.Qf3 Nc6 9.c3
Ne7 10.h4 Ne8 11.h5 Rb8 12.Qd1 Rc8 13.Qc2 Nf6 14.g4 Nc6 15.g5 Bxe5 16.dxe5 Ng4
17.Bxh7+ Kh8 18.Rg1 Ngxe5 19.Bxe5 Nxe5 20.f4 Nc4 21.Nxc4 dxc4 22.Rd1 Qe7 23.Be4
Bd5 24.Qg2 Rcd8 25.Kf2 c6 26.Rh1 Kg8 27.g6 f5 28.Bf3 Bxf3 29.Kxf3 Rxd1 30.Rxd1
Qh4 31.Rh1 Qd8 32.h6 Qd5+ 33.Kg3 Rf6 34.Kh2 Qxg2+ 35.Kxg2 Rxg6+ 36.Kf3 Rxh6
37.Rd1 Rh3+ 38.Kg2 Rxe3 39.Rd6 Re2+ 40.Kf3 Rxb2 41.Rxc6 b5 42.a4 bxa4 43.Rxc4
Rb3 44.Ke3 a3 45.Kd4 Kf7 46.Ra4 Rb7 47. c4 Kf6 48.Kc5 g5 49.fxg5+ Kxg5 50.Kd6
Rb3 51.Rxa7 f4 52.c5 f3 53.c6 f2 54. c7 Rc3 55.Rxa3 Rxc7 56.Rf3 Rc2 57.Kxe6 Kg4
58.Rf8 Kg3 59.Ke5 Kg2 60.Rg8+ Kf1 61.Kf4 Ke1 0-1

[Event "DVM U20 2016"]
[Site "Borken-Gemen GER"]
[Date "2016.12.27"]
[Round "1"]
[White "Klodt, Daniel"]
[Black "Elier, Ali"]
[Result "0-1"]
[Termination "normal"]
[Board "7.3"]
[WhiteElo "1741"]
[BlackElo "1859"]
[WhiteTeam "SV Mattnetz Berlin"]
[BlackTeam "SF Brackel"]
[PlyCount "78"]
[WhiteFideId "12938068"]
[BlackFideId "16217543"]
[EventCountry "GER"]
[EventRounds "7"]
[EventType "team-swiss"]
[EventDate "2016.12.26"]

1.e4 e5 2.Nf3 Nc6 3.Bb5 Nge7 4.O-O g6 5.Re1 Bg7 6.c3 O-O 7.d4 d6 8.dxe5 dxe5
9.Bg5 Qxd1 10.Rxd1 h6 11.Be3 a6 12.Ba4 Bg4 13.Nbd2 Rfd8 14.h3 Be6 15. Bb3 Bxb3
16.Nxb3 b6 17.a4 a5 18.Nbd2 Rd7 19.Nc4 Rad8 20.Rxd7 Rxd7 21.Na3 f5 22.Nb5 fxe4
23.Nd2 Nd5 24.Nxe4 Nxe3 25.fxe3 Kf7 26.Kf2 Ne7 27.Ke2 Ke6 28.b4 c6 29.Na3 axb4
30.cxb4 Nd5 31.Nc4 Ra7 32.a5 b5 33.Ncd2 Nxb4 34.Nc5+ Kf7 35.Nde4 Bf8 36.Rf1+
Kg8 37.Ne6 Be7 38.Nf6+ Kf7 39.Nd5+ Kxe6 0-1

[Event "DVM U20 2016"]
[Site "Borken-Gemen GER"]
[Date "2016.12.27"]
[Round "1"]
[White "Wastian, Jan"]
[Black "Schauties, Nico Antonio"]
[Result "0-1"]
[Termination "normal"]
[Board "7.4"]
[WhiteElo "1960"]
[BlackElo "1641"]
[WhiteTeam "SF Brackel"]
[BlackTeam "SV Mattnetz Berlin"]
[PlyCount "70"]
[WhiteFideId "12911640"]
[BlackFideId "16206371"]
[EventCountry "GER"]
[EventRounds "7"]
[EventType "team-swiss"]
[EventDate "2016.12.26"]

1.e4 e6 2.Nf3 d5 3.Nc3 d4 4.Ne2 c5 5.Ng3 a6 6.a3 Nc6 7.Be2 Nf6 8.d3 Bd6 9. O-O
Qc7 10.Ne1 h5 11.f4 h4 12.Nh5 Nxh5 13.Bxh5 g6 14.Bg4 f5 15.Be2 e5 16. exf5 Bxf5
17.Bg4 Ne7 18.Qf3 exf4 19.Bxf4 Bxf4 20.Qxf4 Qxf4 21.Rxf4 Nd5 22. Rxf5 gxf5
23.Bxf5 Ne3 24.Be4 Ra7 25.c3 Rf8 26.Nf3 b5 27.cxd4 Nc2 28.Rc1 Nxd4 29.Rxc5
Nxf3+ 30.Bxf3 Rf6 31.a4 bxa4 32.Bc6+ Kf8 33.Bxa4 Re7 34.h3 Re1+ 35.Kh2 Rff1 0-1

[Event "DVM U20 2016"]
[Site "Borken-Gemen GER"]
[Date "2016.12.27"]
[Round "1"]
[White "Pixa, Ulrich"]
[Black "Birnkraut, Tim"]
[Result "0-1"]
[Termination "normal"]
[Board "7.5"]
[WhiteElo "1613"]
[BlackElo "1875"]
[WhiteTeam "SV Mattnetz Berlin"]
[BlackTeam "SF Brackel"]
[PlyCount "124"]
[WhiteFideId "4697723"]
[BlackFideId "24609587"]
[EventCountry "GER"]
[EventRounds "7"]
[EventType "team-swiss"]
[EventDate "2016.12.26"]

1.e4 e5 2.Nf3 Nc6 3.Bc4 Bc5 4.c3 Nf6 5.d4 exd4 6.cxd4 Bb4+ 7.Bd2 Bxd2+ 8. Nbxd2
d5 9.exd5 Nxd5 10.O-O O-O 11.Nb3 Nce7 12.Rc1 c6 13.h3 Bf5 14.Nc5 Rb8 15.Ne5 Nb6
16.Bb3 Qd6 17.Re1 Bg6 18.Nxg6 hxg6 19.Ne4 Qd8 20.Ng5 Nf5 21.Nf3 Qd6 22.Re4 Rbd8
23.Qc2 Nd7 24.Rd1 Nf6 25.Re5 Rd7 26.a4 Rfd8 27.g4 Ne7 28. Ng5 Ned5 29.Qe2 Rf8
30.h4 Nf4 31.Qf3 N6d5 32.Rde1 f6 33.Bxd5+ Nxd5 34.Re6 Qf4 35.Qxf4 Nxf4 36.Nf3
Nxe6 37.Rxe6 Kf7 38.Re2 Re7 39.Rc2 Rfe8 40.Kf1 Ke6 41.b4 Kd6 42.Nd2 b6 43.f3
Kd5 44.Ne4 f5 45.Ng3 fxg4 46.fxg4 Re6 47.b5 cxb5 48.axb5 Kxd4 49.Kf2 Re5 50.Rc7
R8e7 51.Rc6 R5e6 52.Rc1 Rf6+ 53.Kg2 Rfe6 54.Kf2 Kd5 55.h5 gxh5 56.gxh5 Re5
57.Kf3 Ke6 58.Rb1 Kf6 59.Rb3 Kg5 60.Rb4 Rf7+ 61.Kg2 Rf4 62.Rb2 Ra4 0-1

[Event "DVM U20 2016"]
[Site "Borken-Gemen GER"]
[Date "2016.12.27"]
[Round "1"]
[White "Kantor, Nikita"]
[Black "Klodt, Nicolas"]
[Result "1/2-1/2"]
[Termination "normal"]
[Board "7.6"]
[WhiteElo "1916"]
[BlackElo "1653"]
[WhiteTeam "SF Brackel"]
[BlackTeam "SV Mattnetz Berlin"]
[PlyCount "223"]
[WhiteFideId "12990922"]
[BlackFideId "12910490"]
[EventCountry "GER"]
[EventRounds "7"]
[EventType "team-swiss"]
[EventDate "2016.12.26"]

1.e4 e5 2.Nf3 Nc6 3.Bb5 Bc5 4.O-O Nge7 5.c3 a6 6.Ba4 O-O 7.d4 exd4 8.cxd4 Bb6
9.d5 Nb8 10.Nc3 d6 11.h3 Nd7 12.Ne2 Nf6 13.Ng3 h6 14.Bc2 Re8 15.Nh4 c6 16.dxc6
Nxc6 17.Nhf5 Bxf5 18.Nxf5 Nxe4 19.Qg4 Ng5 20.h4 Ne5 21.Qg3 Ne6 22. Nxh6+ Kf8
23.Nf5 Qf6 24.Nxd6 Nd4 25.Nxe8 Ne2+ 26.Kh2 Nxg3 27.Nxf6 Nxf1+ 28.Kg1 Ng3 29.Nd5
Bd4 30.Be3 Rd8 31.fxg3 Rxd5 32.Bxd4 Rxd4 33.Rd1 Rc4 34. Bb3 Rc6 35.Rd4 Ke7
36.Kf2 Kf6 37.g4 Kg6 38.Kg3 f6 39.Bd5 Rb6 40.b3 Kh6 41. Be4 Re6 42.Bxb7 a5
43.Ra4 Rb6 44.g5+ fxg5 45.hxg5+ Kxg5 46.Rxa5 Kf5 47. Bc8+ Ke4 48.Rc5 Rg6+
49.Kh2 Kd4 50.Rc2 Rh6+ 51.Kg1 g5 52.a4 Rb6 53.a5 Rxb3 54.a6 Ra3 55.Kh2 Kd5
56.Rc7 Kd6 57.Rg7 Ra2 58.a7 Nc6 59.Bb7 Nxa7 60.Rxg5 Rb2 61.Be4 Nc8 62.Kh3 Ne7
63.g4 Ke6 64.Rc5 Kf6 65.g5+ Kf7 66.Kg4 Rb4 67. Kf4 Ng6+ 68.Ke3 Ne7 69.Rc7 Ke6
70.g6 Nxg6 71.Rc6+ Ke5 72.Bxg6 Kd5 73.Rc3 Ke5 74.Rc5+ Kd6 75.Rg5 Ke6 76.Be4 Kf6
77.Rc5 Ke6 78.Kf4 Rd4 79.Rc6+ Rd6 80.Rc5 Rd4 81.Rb5 Kd6 82.Ra5 Ke6 83.Re5+ Kf6
84.Re8 Kf7 85.Ra8 Ke6 86.Re8+ Kf7 87.Rh8 Kg7 88.Rh7+ Kf6 89.Rh6+ Kg7 90.Rc6 Kf7
91.Ke5 Rb4 92.Rc7+ Ke8 93.Bd5 Rb6 94.Be6 Kd8 95.Rg7 Ke8 96.Kf6 Kd8 97.Ke5 Ke8
98.Bd5 Kd8 99.Kd4 Ke8 100.Kc5 Rf6 101.Be4 Kd8 102.Bc6 Kc8 103.Kb6 Kd8 104.Kc5
Kc8 105.Kb6 Kd8 106.Rg8+ Ke7 107.Rg7+ Kd6 108.Rd7+ Ke5 109.Rd1 Rf2 110.Re1+ Kd6
111. Rd1+ Ke5 112.Rd5+ 1/2-1/2

[Event "DVM U20 2016"]
[Site "Borken-Gemen GER"]
[Date "2016.12.27"]
[Round "1"]
[White "Grimm, Julius"]
[Black "Kieslich, Aaron"]
[Result "1-0"]
[Termination "normal"]
[Board "8.1"]
[WhiteElo "2281"]
[BlackElo "2062"]
[WhiteTeam "SF Darmstadt"]
[BlackTeam "TuS Coswig"]
[PlyCount "67"]
[WhiteFideId "12916986"]
[BlackFideId "1270391"]
[EventCountry "GER"]
[EventRounds "7"]
[EventType "team-swiss"]
[EventDate "2016.12.26"]

1.d4 Nf6 2.c4 e6 3.Nc3 Bb4 4.e3 O-O 5.Bd3 d5 6.Nf3 c5 7.O-O Nc6 8.a3 Bxc3
9.bxc3 Qc7 10.Bb2 Rd8 11.Qe2 Na5 12.Ne5 b6 13.cxd5 exd5 14.a4 Rb8 15.Ba3 Nc6
16.Nxc6 Qxc6 17.a5 c4 18.Bc2 b5 19.f3 Re8 20.Qf2 Be6 21.Rae1 Qd7 22.e4 g6
23.Qd2 Kg7 24.e5 Ng8 25.g4 f5 26.exf6+ Nxf6 27.Re5 Bf7 28.Qf4 Rbd8 29. h3 a6
30.Rfe1 Rxe5 31.dxe5 Ng8 32.Qd4 Be6 33.f4 Ne7 34.f5 1-0

[Event "DVM U20 2016"]
[Site "Borken-Gemen GER"]
[Date "2016.12.27"]
[Round "1"]
[White "Kunath, Tim"]
[Black "Nothnagel, Marian Can"]
[Result "1/2-1/2"]
[Termination "normal"]
[Board "8.2"]
[WhiteElo "1893"]
[BlackElo "2061"]
[WhiteTeam "TuS Coswig"]
[BlackTeam "SF Darmstadt"]
[PlyCount "79"]
[WhiteFideId "12985074"]
[BlackFideId "12921530"]
[EventCountry "GER"]
[EventRounds "7"]
[EventType "team-swiss"]
[EventDate "2016.12.26"]

1.e4 c5 2.Nf3 d6 3.d4 cxd4 4.Nxd4 Nf6 5.Nc3 a6 6.h3 e5 7.Nde2 h5 8.Bg5 Be6
9.Bxf6 Qxf6 10.Nd5 Qd8 11.Nec3 Nd7 12.Be2 g6 13.O-O Rc8 14.Qd3 Bh6 15.Rad1 O-O
16.Kh1 Nc5 17.Qg3 Bxd5 18.Rxd5 Bf4 19.Qf3 Ne6 20.g3 Bh6 21.Qd3 Nd4 22. Nd1 Qd7
23.Kg2 Rfd8 24.c3 Ne6 25.Qb1 Qc6 26.Ne3 Bxe3 27.fxe3 Qb6 28.Qc1 Ng5 29.Bf3 Qc6
30.h4 Nh7 31.Bd1 Kg7 32.Bb3 Rd7 33.Qd2 Nf6 34.Qc2 Rf8 35. Qd3 Nxd5 36.Bxd5 Qc7
37.Qe2 Rdd8 38.g4 hxg4 39.Qxg4 Qc8 40.Rf5 1/2-1/2

[Event "DVM U20 2016"]
[Site "Borken-Gemen GER"]
[Date "2016.12.27"]
[Round "1"]
[White "Tibke, Jonas"]
[Black "von Koslowski, Utz"]
[Result "1-0"]
[Termination "normal"]
[Board "8.3"]
[WhiteElo "1866"]
[BlackElo "1965"]
[WhiteTeam "SF Darmstadt"]
[BlackTeam "TuS Coswig"]
[PlyCount "113"]
[WhiteFideId "12928356"]
[BlackFideId "12964247"]
[EventCountry "GER"]
[EventRounds "7"]
[EventType "team-swiss"]
[EventDate "2016.12.26"]

1.e4 c5 2.c3 d5 3.exd5 Qxd5 4.d4 g6 5.Nf3 Bg7 6.Na3 Nf6 7.Bc4 Qd8 8.Qa4+ Bd7
9.Qb3 O-O 10.Ne5 Be8 11.Qxb7 cxd4 12.Qxa8 Qc7 13.cxd4 Bc6 14.Nb5 Bxb5 15.Bxb5
Qa5+ 16.Bd2 Qxb5 17.Qf3 Qxb2 18.Bc3 Qb5 19.Qe2 Qd5 20.O-O e6 21. Rab1 a6 22.Qc4
Qxc4 23.Nxc4 Ne4 24.Ba1 Nf6 25.Ne5 Nbd7 26.Rb7 Nxe5 27.dxe5 Ne4 28.Rd1 Bh6
29.Rc7 Rb8 30.Rc2 Kg7 31.Kf1 Rb5 32.Ke2 Bg5 33.Bd4 Be7 34. a4 Ra5 35.Rc4 Nc5
36.Bxc5 Bxc5 37.f4 h6 38.Kf3 g5 39.g3 Kg6 40.h4 Bf8 41. hxg5 hxg5 42.Kg4 Bg7
43.Rd8 gxf4 44.gxf4 Bh6 45.Rd1 Bf8 46.Rh1 Bh6 47.Rg1 Rd5 48.Kh4+ Kh7 49.Rc7 Rd2
50.Rxf7+ Kh8 51.Kh5 a5 52.Kg6 Kg8 53.Kf6+ Kh8 54.Rh1 Rg2 55.Rxh6+ Kg8 56.Rg6+
Kh8 57.Rf8+ 1-0

[Event "DVM U20 2016"]
[Site "Borken-Gemen GER"]
[Date "2016.12.27"]
[Round "1"]
[White "von Koslowski, Wilhelm"]
[Black "Wiewesiek, Timo"]
[Result "0-1"]
[Termination "normal"]
[Board "8.4"]
[WhiteElo "1509"]
[BlackElo "1903"]
[WhiteTeam "TuS Coswig"]
[BlackTeam "SF Darmstadt"]
[PlyCount "83"]
[WhiteFideId "12985147"]
[BlackFideId "12920193"]
[EventCountry "GER"]
[EventRounds "7"]
[EventType "team-swiss"]
[EventDate "2016.12.26"]

1.e4 c6 2.d4 d5 3.exd5 cxd5 4.Nc3 Nf6 5.Nf3 Bg4 6.Be2 e6 7.Ne5 Bxe2 8.Qxe2 a6
9.Bg5 Be7 10.Nd1 Nc6 11.Nxc6 bxc6 12.O-O O-O 13.Ne3 Re8 14.c3 Ne4 15. Bxe7 Rxe7
16.f3 Nd6 17.Rfe1 Rb8 18.b3 Qb6 19.Qd3 a5 20.Ng4 c5 21.Ne5 cxd4 22.cxd4 Rc8
23.Rac1 Rec7 24.Rxc7 Rxc7 25.Kh1 Nf5 26.Rd1 Qxd4 27.Qxd4 Nxd4 28.Nc4 dxc4
29.Rxd4 Kf8 30.bxc4 Rb7 31.Kg1 Rb2 32.a3 Ke7 33.h3 Ra2 34.Rd3 Rc2 35.Rd4 Rc3
36.a4 Ra3 37.c5 Rc3 38.Rh4 h6 39.c6 Rxc6 40.Rh5 f5 41.g4 Kf6 42.h4 0-1

[Event "DVM U20 2016"]
[Site "Borken-Gemen GER"]
[Date "2016.12.27"]
[Round "1"]
[White "Dittmar, Lars"]
[Black "Lehne, Arwin Hugo"]
[Result "1-0"]
[Termination "normal"]
[Board "8.5"]
[WhiteElo "1826"]
[BlackElo "1457"]
[WhiteTeam "SF Darmstadt"]
[BlackTeam "TuS Coswig"]
[PlyCount "115"]
[WhiteFideId "12921505"]
[BlackFideId "12985090"]
[EventCountry "GER"]
[EventRounds "7"]
[EventType "team-swiss"]
[EventDate "2016.12.26"]

1.e4 c5 2.Nf3 Nc6 3.d4 cxd4 4.Nxd4 g6 5.c4 Bg7 6.Be3 d6 7.Nc3 Nf6 8.Be2 O-O
9.O-O Bd7 10.h3 Nxd4 11.Bxd4 Bc6 12.Rc1 Qc7 13.Qc2 b6 14.Rfd1 Rac8 15. b4 Qb7
16.Bf3 Qd7 17.Qd2 Ba4 18.Nxa4 Qxa4 19.Qb2 Rc7 20.e5 dxe5 21.Bxe5 Rd7 22.Rxd7
Qxd7 23.Rd1 Qc8 24.Qd4 Qa6 25.Rd2 Rc8 26.b5 Qa4 27.Bc6 Qa3 28. Kh2 Qc1 29.a4
Qe1 30.f4 Qh4 31.g3 Qh5 32.Kg2 Qf5 33.a5 Qe6 34.axb6 axb6 35.Qxb6 Qxc4 36.Rd8+
Rxd8 37.Qxd8+ Bf8 38.Qd4 Qc2+ 39.Kh1 Qc1+ 40.Kh2 Qc2+ 41.Bg2 Qb3 42.b6 Qb5
43.b7 Nd7 44.Qxd7 Qxd7 45.b8=Q f6 46.Bc3 Qe6 47.Qd8 Qe3 48.Bb4 Kg7 49.Qd7 Qe2
50.f5 g5 51.Qe6 Qxe6 52.fxe6 h5 53.g4 hxg4 54. hxg4 f5 55.gxf5 Kf6 56.Bh3 Ke5
57.Kg3 Kf6 58.Bc3# 1-0

[Event "DVM U20 2016"]
[Site "Borken-Gemen GER"]
[Date "2016.12.27"]
[Round "1"]
[White "Mallon, Frederik"]
[Black "Tampe, Alexander"]
[Result "1/2-1/2"]
[Termination "normal"]
[Board "8.6"]
[WhiteElo "1427"]
[BlackElo "1681"]
[WhiteTeam "TuS Coswig"]
[BlackTeam "SF Darmstadt"]
[PlyCount "78"]
[WhiteFideId "12985104"]
[BlackFideId "12921572"]
[EventCountry "GER"]
[EventRounds "7"]
[EventType "team-swiss"]
[EventDate "2016.12.26"]

1.d4 d5 2.c4 e6 3.Nc3 Nf6 4.Bg5 Be7 5.Nf3 Nbd7 6.e3 b6 7.Bxf6 Nxf6 8.cxd5 Nxd5
9.Bb5+ Bd7 10.Bxd7+ Qxd7 11.Ne5 Qd6 12.Qa4+ Kf8 13.O-O f6 14.Nd3 Nxc3 15.bxc3
Kf7 16.Rfc1 Rhc8 17.Rc2 c5 18.Rd1 Qc6 19.Qxc6 Rxc6 20.Rdc1 Rac8 21.Ne1 b5 22.c4
cxd4 23.exd4 Ba3 24.cxb5 Bxc1 25.Rxc6 Rxc6 26.bxc6 Ke7 27. Nd3 Ba3 28.f3 Kd6
29.Nf4 Kxc6 30.Nxe6 g5 31.f4 gxf4 32.Nxf4 Bb2 33.d5+ Kd6 34.Kf2 Be5 35.Kf3 a5
36.Ke4 Bxf4 37.Kxf4 Kxd5 38.Ke3 Kc5 39.Kd2 f5 1/2-1/2

[Event "DVM U20 2016"]
[Site "Borken-Gemen GER"]
[Date "2016.12.27"]
[Round "2"]
[White "Noe, Christopher"]
[Black "Xu, Xianliang"]
[Result "0-1"]
[Termination "normal"]
[Board "1.1"]
[WhiteTitle "IM"]
[BlackTitle "FM"]
[WhiteElo "2434"]
[BlackElo "2295"]
[WhiteClock "00:14:46"]
[BlackClock "00:27:00"]
[WhiteTeam "SC Eppingen"]
[BlackTeam "SG Porz"]
[PlyCount "88"]
[WhiteFideId "24692018"]
[BlackFideId "4603230"]
[EventCountry "GER"]
[EventRounds "7"]
[EventType "team-swiss"]
[EventDate "2016.12.26"]

1. d4 {[%clk 1:30:30]} Nf6 {[%clk 1:30:49]} 2. c4 {[%clk 1:31:21]} e5 {[%clk
1:31:07]} 3. dxe5 {[%clk 1:31:45]} Ng4 {[%clk 1:31:20]} 4. Bf4 {[%clk 1:31:52]}
Nc6 {[%clk 1:30:59]} 5. Nf3 {[%clk 1:31:58]} Bb4+ {[%clk 1:31:15]} 6. Nbd2
{[%clk 1:32:04]} Qe7 {[%clk 1:28:47]} 7. a3 {[%clk 1:32:21]} Ngxe5 {[%clk
1:25:52]} 8. Nxe5 {[%clk 1:32:44]} Nxe5 {[%clk 1:19:47]} 9. e3 {[%clk 1:33:13]}
Bxd2+ {[%clk 1:19:48]} 10. Qxd2 {[%clk 1:33:41]} d6 {[%clk 1:19:40]} 11. c5
{[%clk 1:27:48]} dxc5 {[%clk 1:15:21]} 12. Qd5 {[%clk 1:27:18]} Ng6 {[%clk
1:10:16]} 13. Bb5+ {[%clk 1:21:22]} Kf8 {[%clk 1:10:14]} 14. Bg3 {[%clk
1:04:39]} c6 {[%clk 1:08:19]} 15. Qd2 {[%clk 1:04:42]} Kg8 {[%clk 1:08:39]} 16.
Bc4 {[%clk 0:59:47]} Be6 {[%clk 0:55:42]} 17. Bd6 {[%clk 0:50:02]} Qf6 {[%clk
0:55:55]} 18. Bxe6 {[%clk 0:50:12]} Rd8 {[%clk 0:56:05]} 19. Bxf7+ {[%clk
0:32:48]} Kxf7 {[%clk 0:54:13]} 20. O-O-O {[%clk 0:33:10]} Rd7 {[%clk 0:30:52]}
21. Qd3 {[%clk 0:31:29]} b5 {[%clk 0:29:10]} 22. Qb3+ {[%clk 0:29:05]} c4
{[%clk 0:29:29]} 23. Qb4 {[%clk 0:29:32]} Rhd8 {[%clk 0:29:19]} 24. Bg3 {[%clk
0:29:19]} Ne5 {[%clk 0:29:17]} 25. Bxe5 {[%clk 0:27:18]} Qxe5 {[%clk 0:27:20]}
26. Rxd7+ {[%clk 0:24:09]} Rxd7 {[%clk 0:27:33]} 27. Qc3 {[%clk 0:24:18]} Qg5
{[%clk 0:23:08]} 28. g3 {[%clk 0:15:30]} Rd3 {[%clk 0:22:33]} 29. Qc2 {[%clk
0:15:22]} c5 {[%clk 0:22:23]} 30. Rd1 {[%clk 0:13:54]} Qd5 {[%clk 0:17:36]} 31.
Qe2 {[%clk 0:11:16]} a5 {[%clk 0:14:54]} 32. e4 {[%clk 0:05:04]} Qd4 {[%clk
0:13:18]} 33. Qh5+ {[%clk 0:04:42]} Ke7 {[%clk 0:11:06]} 34. Qg5+ {[%clk
0:03:28]} Ke8 {[%clk 0:08:48]} 35. Qh5+ {[%clk 0:00:54]} g6 {[%clk 0:04:38]}
36. Rxd3 {[%clk 0:01:14]} cxd3 {[%clk 0:04:24]} 37. Qxh7 {[%clk 0:01:39]} Qc4+
{[%clk 0:04:09]} 38. Kd2 {[%clk 0:00:43]} Qc2+ {[%clk 0:03:21]} 39. Ke3 {[%clk
0:01:12]} Qe2+ {[%clk 0:03:31]} 40. Kf4 {[%clk 0:01:41]} Qxf2+ {[%clk 0:03:16]}
41. Ke5 {[%clk 0:28:51]} Qf7 {[%clk 0:28:13]} 42. Qh8+ {[%clk 0:13:56]} Qf8
{[%clk 0:27:48]} 43. Qh3 {[%clk 0:14:21]} Qe7+ {[%clk 0:27:26]} 44. Kf4 {[%clk
0:14:46]} d2 {[%clk 0:27:00]} 0-1

[Event "DVM U20 2016"]
[Site "Borken-Gemen GER"]
[Date "2016.12.27"]
[Round "2"]
[White "Sabirov, Ramil"]
[Black "Hacker, Jonas"]
[Result "1-0"]
[Termination "normal"]
[Board "1.2"]
[BlackTitle "FM"]
[WhiteElo "1996"]
[BlackElo "2369"]
[WhiteClock "00:19:52"]
[BlackClock "00:18:46"]
[WhiteTeam "SG Porz"]
[BlackTeam "SC Eppingen"]
[PlyCount "93"]
[WhiteFideId "12900303"]
[BlackFideId "1270968"]
[EventCountry "GER"]
[EventRounds "7"]
[EventType "team-swiss"]
[EventDate "2016.12.26"]

1. Nf3 {[%clk 1:30:53]} d5 {[%clk 1:30:49]} 2. c4 {[%clk 1:31:05]} c6 {[%clk
1:30:55]} 3. e3 {[%clk 1:31:31]} Nf6 {[%clk 1:31:18]} 4. Nc3 {[%clk 1:31:56]}
a6 {[%clk 1:31:24]} 5. Qc2 {[%clk 1:30:55]} Nbd7 {[%clk 1:23:07]} 6. b3 {[%clk
1:26:13]} e5 {[%clk 1:21:34]} 7. cxd5 {[%clk 1:22:30]} cxd5 {[%clk 1:21:22]} 8.
Bb2 {[%clk 1:21:47]} Bd6 {[%clk 1:12:56]} 9. Be2 {[%clk 1:19:35]} e4 {[%clk
1:05:57]} 10. Nd4 {[%clk 1:18:25]} Ne5 {[%clk 1:05:46]} 11. f3 {[%clk 1:11:30]}
exf3 {[%clk 1:02:48]} 12. Nxf3 {[%clk 1:08:23]} Nxf3+ {[%clk 0:56:55]} 13. Bxf3
{[%clk 0:55:02]} Qc7 {[%clk 0:55:07]} 14. Qd3 {[%clk 0:48:31]} Be5 {[%clk
0:41:27]} 15. Nxd5 {[%clk 0:39:23]} Nxd5 {[%clk 0:33:53]} 16. Qe4 {[%clk
0:39:44]} Nb4 {[%clk 0:29:15]} 17. Bxe5 {[%clk 0:37:34]} Nd3+ {[%clk 0:28:51]}
18. Qxd3 {[%clk 0:37:36]} Qxe5 {[%clk 0:29:18]} 19. Qe4 {[%clk 0:37:59]} Qxe4
{[%clk 0:29:06]} 20. Bxe4 {[%clk 0:38:18]} f5 {[%clk 0:24:24]} 21. Bf3 {[%clk
0:37:06]} Ke7 {[%clk 0:24:24]} 22. Rc1 {[%clk 0:35:53]} Rd8 {[%clk 0:23:57]}
23. Rc7+ {[%clk 0:23:34]} Rd7 {[%clk 0:24:19]} 24. Rxd7+ {[%clk 0:23:44]} Kxd7
{[%clk 0:24:01]} 25. g4 {[%clk 0:22:43]} fxg4 {[%clk 0:21:45]} 26. Bxg4+ {[%clk
0:23:07]} Kd6 {[%clk 0:22:08]} 27. Bf3 {[%clk 0:22:04]} a5 {[%clk 0:21:06]} 28.
Rg1 {[%clk 0:19:44]} g6 {[%clk 0:20:56]} 29. d4 {[%clk 0:06:07]} a4 {[%clk
0:17:08]} 30. b4 {[%clk 0:06:20]} Be6 {[%clk 0:10:28]} 31. a3 {[%clk 0:06:46]}
Bd5 {[%clk 0:10:10]} 32. Be2 {[%clk 0:01:53]} Re8 {[%clk 0:07:49]} 33. Kd2
{[%clk 0:02:15]} Re4 {[%clk 0:07:34]} 34. Rg4 {[%clk 0:02:06]} Re8 {[%clk
0:07:09]} 35. Rf4 {[%clk 0:02:20]} Ke7 {[%clk 0:04:49]} 36. Bd3 {[%clk
0:01:49]} Rc8 {[%clk 0:04:51]} 37. Rf1 {[%clk 0:01:32]} Kd6 {[%clk 0:01:28]}
38. Rc1 {[%clk 0:01:02]} Re8 {[%clk 0:01:42]} 39. Rf1 {[%clk 0:01:18]} Rc8
{[%clk 0:01:21]} 40. e4 {[%clk 0:00:50]} Be6 {[%clk 0:01:27]} 41. Be2 {[%clk
0:25:50]} Bb3 {[%clk 0:30:00]} 42. Rc1 {[%clk 0:25:49]} Rf8 {[%clk 0:27:07]}
43. Ke3 {[%clk 0:26:12]} Be6 {[%clk 0:23:42]} 44. Bf3 {[%clk 0:23:43]} b6
{[%clk 0:21:15]} 45. e5+ {[%clk 0:21:29]} Kd7 {[%clk 0:21:30]} 46. d5 {[%clk
0:19:57]} Bg8 {[%clk 0:18:46]} 47. Bg4+ {[%clk 0:19:52]} 1-0

[Event "DVM U20 2016"]
[Site "Borken-Gemen GER"]
[Date "2016.12.27"]
[Round "2"]
[White "Gibicar, Danijel"]
[Black "Padva, Leo"]
[Result "1-0"]
[Termination "normal"]
[Board "1.3"]
[WhiteTitle "FM"]
[WhiteElo "2264"]
[BlackElo "1937"]
[WhiteClock "00:32:22"]
[BlackClock "00:26:46"]
[WhiteTeam "SC Eppingen"]
[BlackTeam "SG Porz"]
[PlyCount "41"]
[WhiteFideId "24660256"]
[BlackFideId "12964379"]
[EventCountry "GER"]
[EventRounds "7"]
[EventType "team-swiss"]
[EventDate "2016.12.26"]

1. e4 {[%clk 1:30:51]} c6 {[%clk 1:30:39]} 2. d4 {[%clk 1:31:16]} d5 {[%clk
1:31:06]} 3. exd5 {[%clk 1:31:42]} cxd5 {[%clk 1:31:32]} 4. c4 {[%clk 1:31:21]}
Nf6 {[%clk 1:31:33]} 5. Nc3 {[%clk 1:31:41]} Nc6 {[%clk 1:31:54]} 6. Bg5 {[%clk
1:31:58]} dxc4 {[%clk 1:32:10]} 7. Bxc4 {[%clk 1:31:41]} Qxd4 {[%clk 1:32:32]}
8. Qxd4 {[%clk 1:32:01]} Nxd4 {[%clk 1:32:55]} 9. O-O-O {[%clk 1:32:21]} e5
{[%clk 1:29:03]} 10. f4 {[%clk 1:28:44]} Bg4 {[%clk 1:27:37]} 11. Nf3 {[%clk
1:28:46]} Bxf3 {[%clk 1:14:33]} 12. gxf3 {[%clk 1:28:48]} Rc8 {[%clk 1:07:06]}
13. fxe5 {[%clk 1:11:14]} Rxc4 {[%clk 0:45:01]} 14. exf6 {[%clk 1:10:56]} Ne6
{[%clk 0:34:07]} 15. Rhe1 {[%clk 1:10:56]} g6 {[%clk 0:33:55]} 16. Kb1 {[%clk
1:06:41]} Bb4 {[%clk 0:32:28]} 17. Bh6 {[%clk 1:04:41]} Rg8 {[%clk 0:29:06]}
18. Bg7 {[%clk 0:38:40]} Bxc3 {[%clk 0:28:14]} 19. bxc3 {[%clk 0:36:42]} Rc7
{[%clk 0:26:42]} 20. Kb2 {[%clk 0:34:30]} Rd7 {[%clk 0:26:46]} 21. Rxe6+ {[%clk
0:32:22]} 1-0

[Event "DVM U20 2016"]
[Site "Borken-Gemen GER"]
[Date "2016.12.27"]
[Round "2"]
[White "Spindler, Florian"]
[Black "Mütsch, Annmarie"]
[Result "0-1"]
[Termination "normal"]
[Board "1.4"]
[WhiteElo "1893"]
[BlackElo "2094"]
[WhiteClock "00:55:52"]
[BlackClock "00:55:10"]
[WhiteTeam "SG Porz"]
[BlackTeam "SC Eppingen"]
[PlyCount "32"]
[WhiteFideId "12964387"]
[BlackFideId "12971367"]
[EventCountry "GER"]
[EventRounds "7"]
[EventType "team-swiss"]
[EventDate "2016.12.26"]

1. e4 {[%clk 1:30:57]} c5 {[%clk 1:30:53]} 2. Nf3 {[%clk 1:31:23]} Nc6 {[%clk
1:31:18]} 3. Bb5 {[%clk 1:31:49]} g6 {[%clk 1:31:43]} 4. O-O {[%clk 1:32:13]}
Bg7 {[%clk 1:32:06]} 5. Re1 {[%clk 1:32:05]} Nf6 {[%clk 1:32:20]} 6. e5 {[%clk
1:31:44]} Nd5 {[%clk 1:32:20]} 7. Nc3 {[%clk 1:32:01]} Nc7 {[%clk 1:30:34]} 8.
Bxc6 {[%clk 1:32:26]} dxc6 {[%clk 1:29:48]} 9. d4 {[%clk 1:28:11]} cxd4 {[%clk
1:26:44]} 10. Qxd4 Bf5 {[%clk 1:23:07]} 11. Re2 {[%clk 1:19:00]} h5 {[%clk
1:11:17]} 12. Qb4 {[%clk 1:09:12]} b6 {[%clk 1:04:17]} 13. Bg5 {[%clk 1:03:03]}
Ne6 {[%clk 0:59:12]} 14. Qc4 {[%clk 0:59:08]} Qc7 {[%clk 0:55:55]} 15. Bxe7
{[%clk 0:57:03]} Kxe7 {[%clk 0:55:10]} 16. Qb4+ {[%clk 0:55:52]} Ke8 0-1